000
00326nam a22001337a 4500
008
171002b xxu||||| |||| 00| 0 eng d
020
_a
9780781727945
041
_a
eng
080
_2
3RD
_a
159.9
100
_a
48
101
_a
PSI
245
_a
PRINCIPLES AND PRACTICE OF PSYCHOPHARMACOTHERAPY
_c
JANICAK,P.G
942
_2
udc
_c
BK
999
_c
31183
_d
31183